[Event "BL2-Sued 2223"]
[Site "Germany"]
[Date "2023.02.25"]
[Round "7.6"]
[White "Gschnitzer, Oswald"]
[Black "Zude, Arno"]
[Result "1/2-1/2"]
[WhiteElo "2349"]
[BlackElo "2374"]
[PlyCount "63"]
[EventDate "2022.10.22"]
[EventType "team-tourn"]
[EventRounds "9"]
[EventCountry "GER"]
[SourceTitle "EXT 2024"]
[Source "ChessBase"]
[SourceDate "2023.10.10"]
[SourceVersion "1"]
[SourceVersionDate "2023.10.10"]
[SourceQuality "1"]
[WhiteTeam "Walldorf"]
[BlackTeam "Hofheim"]
[WhiteTeamCountry "GER"]
[BlackTeamCountry "GER"]

1. Nf3 d5 2. c4 e6 3. d4 Nf6 4. Nc3 Be7 5. Bg5 0-0 6. e3 Nbd7 7. Rc1 h6 8. Bh4 a6 9. cxd5 exd5 10. Bd3 c6 11. 0-0 Ne4 12. Bxe7 Qxe7 13. Bxe4 dxe4 14. Nd2 Nf6 15. Qc2 Re8 16. Na4 Be6 17. Qc5 Rad8 18. Qxe7 Rxe7 19. Nb6 Nd5 20. Nxd5 Bxd5 21. Rc2 g5 22. b4 f6 23. Rb1 h5 24. Kf1 h4 25. a4 Kg7 26. Ke2 Kg6 27. Nc4 h3 28. g3 Kh5 29. Nb6 Re6 30. Rc5 Red6 31. Nxd5 Rxd5 32. Rbc1 1/2-1/2

[Event "GER CupT"]
[Site "Germany"]
[Date "2023.01.29"]
[Round "2.3"]
[White "Gschnitzer, Oswald"]
[Black "Esswein, Karlheinz"]
[Result "1-0"]
[WhiteElo "2343"]
[BlackElo "2071"]
[PlyCount "93"]
[EventDate "2023.01.28"]
[EventType "team-k.o."]
[EventRounds "4"]
[EventCountry "GER"]
[SourceTitle "EXT 2024"]
[Source "ChessBase"]
[SourceDate "2023.10.10"]
[SourceVersion "1"]
[SourceVersionDate "2023.10.10"]
[SourceQuality "1"]
[WhiteTeam "Walldorf"]
[BlackTeam "Ludwigshafen"]
[WhiteTeamCountry "GER"]
[BlackTeamCountry "GER"]

1. Nf3 Nf6 2. c4 c5 3. Nc3 b6 4. g3 Bb7 5. Bg2 e6 6. 0-0 Be7 7. d4 cxd4 8. Qxd4 0-0 9. Rd1 a6 10. Bf4 Nc6 11. Qd2 Ra7 12. Bd6 Bxd6 13. Qxd6 Qb8 14. Ng5 Na5 15. b3 Bxg2 16. Kxg2 Qb7+ 17. f3 h6 18. Nge4 Nxe4 19. Nxe4 f5 20. Nf2 Nc6 21. a4 a5 22. Rd2 Qc7 23. Rad1 Qxd6 24. Rxd6 Rf7 25. Nd3 Kf8 26. Nf4 Rc7 27. Ng6+ Ke8 28. h4 Rf6 29. h5 Rb7 30. Kf2 Rf7 31. Ke3 f4+ 32. Nxf4 Rf5 33. g4 Rf6 34. Ke4 Nd8 35. Ng6 Nf7 36. R6d4 d6 37. f4 Rc7 38. e3 Rc5 39. Kd3 d5 40. Ke2 dxc4 41. Rxc4 Rxc4 42. bxc4 e5 43. Nxe5 Nxe5 44. fxe5 Rc6 45. Kd3 Ke7 46. Kd4 Ke6 47. Rb1 1-0

[Event "BL2-Sued 2223"]
[Site "Germany"]
[Date "2022.11.27"]
[Round "4.6"]
[White "Gschnitzer, Oswald"]
[Black "Decuigniere, Tom"]
[Result "0-1"]
[WhiteElo "2349"]
[BlackElo "2325"]
[PlyCount "148"]
[EventDate "2022.10.22"]
[EventType "team-tourn"]
[EventRounds "9"]
[EventCountry "GER"]
[SourceTitle "EXT 2024"]
[Source "ChessBase"]
[SourceDate "2023.10.10"]
[SourceVersion "1"]
[SourceVersionDate "2023.10.10"]
[SourceQuality "1"]
[WhiteTeam "Walldorf"]
[BlackTeam "Speyer Schwegenheim"]
[WhiteTeamCountry "GER"]
[BlackTeamCountry "GER"]

1. Nf3 c5 2. c4 g6 3. d4 cxd4 4. Nxd4 Nc6 5. e4 Nf6 6. Nc3 d6 7. Be2 Nxd4 8. Qxd4 Bg7 9. Be3 0-0 10. Qd2 a5 11. f3 a4 12. 0-0 Qa5 13. Rab1 Be6 14. Rfc1 Rfc8 15. b4 axb3 16. axb3 Qb4 17. Rc2 Nd7 18. Nd5 Qxd2 19. Rxd2 Bxd5 20. exd5 Ra3 21. Kf2 Nc5 22. Bd1 Bc3 23. Rc2 Be5 24. Rd2 Rca8 25. Bc2 Na6 26. f4 Bc3 27. Re2 Nb4 28. Kf3 Ra2 29. Bd1 Ra1 30. Rxa1 Rxa1 31. Bc2 Rf1+ 32. Kg4 f5+ 33. Kh3 Bf6 34. c5 dxc5 35. Bxc5 Nxd5 36. g3 Rf3 37. Kg2 Rc3 38. b4 b6 39. Bf2 Nxb4 40. Ba4 Nd5 41. Bd7 Kg7 42. Be6 Nc7 43. Bxb6 Nxe6 44. Rxe6 Rc2+ 45. Kg1 g5 46. fxg5 Bxg5 47. Bd4+ Kf7 48. Re1 Bf6 49. Bxf6 Kxf6 50. Ra1 e5 51. Ra7 h6 52. Rh7 Kg6 53. Rh8 e4 54. Re8 Kf7 55. Re5 Kf6 56. Re8 h5 57. h3 Re2 58. Kf1 Re3 59. Kf2 Rf3+ 60. Kg2 h4 61. g4 Rg3+ 62. Kf2 Rxh3 63. gxf5 Rf3+ 64. Ke2 Kxf5 65. Rf8+ Kg4 66. Rg8+ Kf4 67. Rf8+ Kg3 68. Rg8+ Kh2 69. Rg4 h3 70. Rxe4 Kg2 71. Rh4 Rg3 72. Rf4 h2 73. Rf2+ Kh3 74. Rf1 Rg1 0-1

[Event "BL2-Sued 2122"]
[Site "Germany"]
[Date "2022.04.30"]
[Round "3.4"]
[White "Cornette, Matthieu"]
[Black "Gschnitzer, Oswald"]
[Result "1-0"]
[WhiteElo "2569"]
[BlackElo "2366"]
[PlyCount "99"]
[EventDate "2022.03.05"]
[EventType "team-tourn"]
[EventRounds "10"]
[EventCountry "GER"]
[SourceTitle "EXT 2023"]
[Source "ChessBase"]
[SourceDate "2022.10.05"]
[SourceVersion "1"]
[SourceVersionDate "2022.10.05"]
[SourceQuality "1"]
[WhiteTeam "Oetigheim"]
[BlackTeam "Walldorf"]
[WhiteTeamCountry "GER"]
[BlackTeamCountry "GER"]

1. c4 c5 2. Nf3 Nf6 3. Nc3 Nc6 4. d4 cxd4 5. Nxd4 e6 6. g3 Qb6 7. Ndb5 Ne5 8. Bg2 a6 9. Na4 Qa5+ 10. Nbc3 Nxc4 11. 0-0 Be7 12. b3 Nb6 13. Bd2 Nxa4 14. Nxa4 Qd8 15. Be3 d5 16. Bb6 Qd6 17. Rc1 Nd7 18. Bc7 Qa3 19. e4 dxe4 20. Bxe4 0-0 21. Qc2 g6 22. Rfd1 Ra7 23. Bb6 Ra8 24. Be3 e5 25. Bg2 Nf6 26. Nb6 Bf5 27. Qc7 Rad8 28. Nc4 Rxd1+ 29. Rxd1 Qb4 30. Qxb7 Ng4 31. Qxb4 Bxb4 32. Bb6 e4 33. Nd6 Bxd6 34. Rxd6 Rc8 35. Rd8+ Rxd8 36. Bxd8 Ne5 37. Kf1 Nd3 38. Ke2 h5 39. Ke3 Nc1 40. Bxe4 Bxe4 41. Kxe4 Nxa2 42. Kd4 Kf8 43. Bg5 Nb4 44. Be3 Ke7 45. Kc5 Nc2 46. Kb6 Na1 47. b4 Nc2 48. Bd2 Nd4 49. Kxa6 Nf3 50. Bc3 1-0

[Event "BL2-Sued 2122"]
[Site "Germany"]
[Date "2022.03.06"]
[Round "2.5"]
[White "Gschnitzer, Oswald"]
[Black "Cremer, Kevin"]
[Result "1-0"]
[WhiteElo "2366"]
[BlackElo "2276"]
[PlyCount "63"]
[EventDate "2022.03.05"]
[EventType "team-tourn"]
[EventRounds "10"]
[EventCountry "GER"]
[SourceTitle "EXT 2023"]
[Source "ChessBase"]
[SourceDate "2022.10.05"]
[SourceVersion "1"]
[SourceVersionDate "2022.10.05"]
[SourceQuality "1"]
[WhiteTeam "Walldorf"]
[BlackTeam "Schott Mainz"]
[WhiteTeamCountry "GER"]
[BlackTeamCountry "GER"]

1. Nf3 Nf6 2. c4 b6 3. g3 Bb7 4. Bg2 c5 5. 0-0 g6 6. d4 cxd4 7. Qxd4 Bg7 8. Nc3 Nc6 9. Qf4 h6 10. Rd1 Rc8 11. Bd2 g5 12. Qf5 g4 13. Ne5 Nd4 14. Qd3 Bxg2 15. Kxg2 Ne6 16. Be3 Qc7 17. Qf5 h5 18. Rac1 d6 19. Nd5 Qb7 20. Nd3 Rxc4 21. Rxc4 Nxd5 22. Kg1 Nxe3 23. fxe3 b5 24. Rb4 a6 25. a4 Qb6 26. axb5 a5 27. Re4 Bh6 28. Rf1 Bxe3+ 29. Kg2 Kd7 30. Qxf7 Ng5 31. Qxe7+ Kc8 32. Rxe3 1-0

[Event "BL2-Sued 2122"]
[Site "Germany"]
[Date "2022.03.05"]
[Round "1.5"]
[White "Bodrozic, Tomislav"]
[Black "Gschnitzer, Oswald"]
[Result "1/2-1/2"]
[WhiteElo "2349"]
[BlackElo "2366"]
[PlyCount "149"]
[EventDate "2022.03.05"]
[EventType "team-tourn"]
[EventRounds "10"]
[EventCountry "GER"]
[SourceTitle "EXT 2023"]
[Source "ChessBase"]
[SourceDate "2022.10.05"]
[SourceVersion "1"]
[SourceVersionDate "2022.10.05"]
[SourceQuality "1"]
[WhiteTeam "Speyer Schwegenheim"]
[BlackTeam "Walldorf"]
[WhiteTeamCountry "GER"]
[BlackTeamCountry "GER"]

1. e4 c5 2. Nf3 Nc6 3. Bb5 g6 4. Bxc6 bxc6 5. 0-0 Bg7 6. Re1 Qc7 7. c3 d6 8. h3 Nf6 9. d4 cxd4 10. cxd4 0-0 11. Nc3 Nd7 12. Bg5 Re8 13. Rc1 Bb7 14. d5 Qa5 15. b4 Qxb4 16. Rb1 Qxc3 17. Rxb7 Nf6 18. Qa4 cxd5 19. exd5 Nxd5 20. Rxa7 Rab8 21. Rc1 Qb4 22. Qc6 Qb6 23. Qxb6 Rxb6 24. a4 Nc3 25. Kf1 e6 26. Bd2 Rb3 27. a5 Ra3 28. Rc7 Ne4 29. Be1 Bf6 30. Rb1 Re7 31. Rc8+ Kg7 32. Rbb8 Bc3 33. Bxc3+ Nxc3 34. g4 Kf6 35. Kg2 Ne4 36. Rb4 d5 37. g5+ Kf5 38. h4 Ra2 39. Nd4+ Kf4 40. Nc2 Ke5 41. f3 Nd6 42. f4+ Kf5 43. Kf3 e5 44. Rc5 e4+ 45. Kg3 Rxc2 46. Rxc2 Nc4 47. Rbxc4 dxc4 48. Rxc4 Rb7 49. Rc5+ Ke6 50. Re5+ Kd6 51. Rxe4 Rb3+ 52. Kg2 Ra3 53. Re5 Kd7 54. Rb5 Ke7 55. Kf2 Ra4 56. Kf3 Kf8 57. Kg3 Kg7 58. Kf3 h5 59. Ke3 Kh7 60. Rc5 Kg7 61. Rb5 Kh7 62. Rd5 Kg7 63. Rc5 Kh7 64. Rc7 Rxa5 65. Rxf7+ Kg8 66. Rd7 Ra4 67. Rd4 Ra1 68. Ke4 Re1+ 69. Kd5 Kf7 70. Re4 Rh1 71. Ke5 Rxh4 72. Ra4 Rg4 73. Ra7+ Kg8 74. Ra8+ Kg7 75. Ra7+ 1/2-1/2

[Event "BL2-Sued 1920"]
[Site "Germany"]
[Date "2021.08.07"]
[Round "9.2"]
[White "Gschnitzer, Oswald"]
[Black "Baklan, Vladimir"]
[Result "0-1"]
[WhiteElo "2357"]
[BlackElo "2592"]
[PlyCount "56"]
[EventDate "2019.10.19"]
[EventType "team-tourn"]
[EventRounds "11"]
[EventCountry "GER"]
[SourceTitle "EXT 2023"]
[Source "ChessBase"]
[SourceDate "2022.10.05"]
[SourceVersion "1"]
[SourceVersionDate "2022.10.05"]
[SourceQuality "1"]
[WhiteTeam "Walldorf"]
[BlackTeam "Emmendingen"]
[WhiteTeamCountry "GER"]
[BlackTeamCountry "GER"]

1. Nf3 Nf6 2. c4 b6 3. g3 Bb7 4. Bg2 g6 5. 0-0 Bg7 6. d4 0-0 7. d5 e6 8. Nc3 exd5 9. cxd5 Re8 10. Nd4 Na6 11. Bf4 Nh5 12. Be3 Nf6 13. Bf4 Nc5 14. Ncb5 d6 15. b4 Nce4 16. f3 Nxg3 17. Bxg3 Nxd5 18. Rc1 a6 19. Nc3 Nxc3 20. Rxc3 c5 21. e3 cxd4 22. exd4 Rc8 23. Rxc8 Qxc8 24. Qd2 Qc4 25. Bf2 Re2 26. Rc1 Rxd2 27. Rxc4 h5 28. d5 Rd1+ 0-1

[Event "GER-ch rapid 46th"]
[Site "Plochingen"]
[Date "2020.09.20"]
[Round "9"]
[White "Gschnitzer, Oswald"]
[Black "Wendler, David"]
[Result "1-0"]
[WhiteElo "2373"]
[BlackElo "2249"]
[PlyCount "61"]
[EventDate "2020.09.19"]
[EventType "swiss"]
[EventRounds "9"]
[EventCountry "GER"]
[SourceTitle "CBM 198 Extra"]
[Source "ChessBase"]
[SourceDate "2020.11.30"]
[SourceVersion "1"]
[SourceVersionDate "2020.11.30"]
[SourceQuality "1"]

1. Nf3 c5 2. b3 Nf6 3. Bb2 Nc6 4. e3 g6 5. c4 Bg7 6. Be2 0-0 7. 0-0 b6 8. d4 cxd4 9. exd4 d5 10. Nc3 Bb7 11. Re1 Rc8 12. Ne5 dxc4 13. Nxc6 Bxc6 14. bxc4 e6 15. Qb3 Qd7 16. Rad1 Rfd8 17. Rd2 Qb7 18. Bf1 Qa8 19. Red1 Ne4 20. Nxe4 Bxe4 21. Ba3 Bh6 22. Re2 Bg7 23. f3 Bb7 24. Red2 Qb8 25. d5 exd5 26. cxd5 Rc3 27. Qa4 Qe5 28. Bb2 Qe3+ 29. Kh1 Rc5 30. Bxg7 Kxg7 31. d6 1-0

[Event "GER-ch rapid 46th"]
[Site "Plochingen"]
[Date "2020.09.19"]
[Round "3"]
[White "Gschnitzer, Oswald"]
[Black "Dobrikov, Marco"]
[Result "0-1"]
[WhiteElo "2373"]
[BlackElo "2332"]
[PlyCount "108"]
[EventDate "2020.09.19"]
[EventType "swiss"]
[EventRounds "9"]
[EventCountry "GER"]
[SourceTitle "CBM 198 Extra"]
[Source "ChessBase"]
[SourceDate "2020.11.30"]
[SourceVersion "1"]
[SourceVersionDate "2020.11.30"]
[SourceQuality "1"]

1. Nf3 c5 2. c4 Nc6 3. Nc3 e5 4. e3 Nf6 5. d4 cxd4 6. exd4 e4 7. Ne5 d6 8. Nxc6 bxc6 9. Bg5 Bf5 10. Qa4 Qb6 11. Bxf6 gxf6 12. Nd5 Qb7 13. Be2 Bg7 14. 0-0 Bd7 15. Nf4 f5 16. Qa3 Qc7 17. Rad1 0-0 18. Nh5 Kh8 19. Nxg7 Kxg7 20. Qg3+ Kh8 21. c5 Rg8 22. cxd6 Qd8 23. Qe5+ Rg7 24. g3 Qg5 25. f4 Qd8 26. Bc4 Kg8 27. d5 c5 28. Rc1 Rg6 29. Qe7 Qxe7 30. dxe7 Rd6 31. Bb3 Rc8 32. Rc3 a5 33. a3 a4 34. Ba2 f6 35. Rfc1 Kf7 36. Rxc5 Rxc5 37. Rxc5 Kxe7 38. Kf2 Rb6 39. Rc2 Kd6 40. Ke3 Bb5 41. Kd4 Bd7 42. g4 fxg4 43. Kxe4 f5+ 44. Kd4 h5 45. Bc4 h4 46. Re2 Rb8 47. Bd3 Rh8 48. Rg2 h3 49. Rg3 Rb8 50. Kc3 Rb3+ 51. Kc2 Bb5 52. Bxf5 Rxg3 53. hxg3 h2 54. Be4 Bc4 0-1

[Event "BL2-Sued 1920"]
[Site "Germany"]
[Date "2020.02.08"]
[Round "7.4"]
[White "Saric, Ante"]
[Black "Gschnitzer, Oswald"]
[Result "1-0"]
[WhiteElo "2557"]
[BlackElo "2357"]
[PlyCount "69"]
[EventDate "2019.10.19"]
[EventType "team-tourn"]
[EventRounds "11"]
[EventCountry "GER"]
[SourceTitle "CBM 194 Extra"]
[Source "ChessBase"]
[SourceDate "2020.03.31"]
[SourceVersion "1"]
[SourceVersionDate "2020.03.31"]
[SourceQuality "1"]
[WhiteTeam "Schoenaich"]
[BlackTeam "Walldorf"]
[WhiteTeamCountry "GER"]
[BlackTeamCountry "GER"]

1. Nf3 c5 2. b3 Nf6 3. Bb2 g6 4. c4 Bg7 5. g3 0-0 6. Bg2 Nc6 7. 0-0 d5 8. cxd5 Nxd5 9. Bxg7 Kxg7 10. d4 cxd4 11. Nxd4 Ndb4 12. Nxc6 Nxc6 13. Bxc6 bxc6 14. Nc3 Bh3 15. Qxd8 Rfxd8 16. Rfd1 Rac8 17. f3 Be6 18. Rxd8 Rxd8 19. Kf2 c5 20. Ne4 c4 21. b4 Bf5 22. Rc1 Bxe4 23. fxe4 Rd2 24. a4 Rd4 25. Ke3 e5 26. Rc3 h5 27. b5 Kf6 28. a5 Ke6 29. a6 Kd6 30. b6 Kc5 31. b7 Rd8 32. Rc1 Rb8 33. Rb1 Kc6 34. Kd2 Kc5 35. Kc3 1-0

[Event "BL2-Sued 1920"]
[Site "Germany"]
[Date "2020.02.07"]
[Round "4.2"]
[White "Sadzikowski, Daniel"]
[Black "Gschnitzer, Oswald"]
[Result "1/2-1/2"]
[WhiteElo "2504"]
[BlackElo "2357"]
[PlyCount "81"]
[EventDate "2019.10.19"]
[EventType "team-tourn"]
[EventRounds "11"]
[EventCountry "GER"]
[SourceTitle "CBM 194 Extra"]
[Source "ChessBase"]
[SourceDate "2020.03.31"]
[SourceVersion "1"]
[SourceVersionDate "2020.03.31"]
[SourceQuality "1"]
[WhiteTeam "Heusenstamm"]
[BlackTeam "Walldorf"]
[WhiteTeamCountry "GER"]
[BlackTeamCountry "GER"]

1. e4 c5 2. Nf3 Nc6 3. Bb5 d6 4. 0-0 Bd7 5. Re1 Nf6 6. c3 a6 7. Bf1 Bg4 8. d4 Bxf3 9. gxf3 g6 10. d5 Nb8 11. c4 Bg7 12. Nc3 0-0 13. f4 Nbd7 14. a4 Ne8 15. Ra3 Nc7 16. Bh3 Rb8 17. Rb3 Re8 18. e5 dxe5 19. f5 b5 20. Ne4 bxc4 21. Rxb8 Nxb8 22. d6 exd6 23. Nxd6 Rf8 24. Bg2 Qd7 25. fxg6 hxg6 26. Nxc4 Qe6 27. Na5 Nd7 28. f4 Nb6 29. fxe5 Ncd5 30. Nc4 Nf4 31. Bxf4 Qxc4 32. Re4 Qa2 33. b3 c4 34. bxc4 Nxa4 35. Re2 Qxc4 36. Re4 Nc3 37. Rxc4 Nxd1 38. Bf1 g5 39. Bxg5 Bxe5 40. Be7 Re8 41. Rg4+ 1/2-1/2

[Event "Gibraltar Masters 18th"]
[Site "Caleta"]
[Date "2020.01.26"]
[Round "6"]
[White "Hapala, Elisabeth"]
[Black "Gschnitzer, Oswald"]
[Result "0-1"]
[WhiteElo "2170"]
[BlackElo "2361"]
[PlyCount "60"]
[EventDate "2020.01.21"]
[EventType "swiss"]
[EventRounds "10"]
[EventCountry "GGB"]
[SourceTitle "CBM 194 Extra"]
[Source "ChessBase"]
[SourceDate "2020.03.31"]
[SourceVersion "1"]
[SourceVersionDate "2020.03.31"]
[SourceQuality "1"]

1. e4 c5 2. Nf3 Nc6 3. d4 cxd4 4. Nxd4 Nf6 5. Nc3 d6 6. Bg5 e6 7. Qd2 Be7 8. 0-0-0 0-0 9. f4 Nxd4 10. Qxd4 h6 11. Bh4 Qa5 12. Bc4 Qh5 13. Bxf6 Bxf6 14. Qxd6 Bxc3 15. bxc3 b5 16. g4 Qh3 17. Bxb5 Bb7 18. Qd4 Rad8 19. Qxd8 Rxd8 20. Rxd8+ Kh7 21. Rd3 Qxg4 22. Rf1 Bxe4 23. Re3 Bg6 24. Rg3 Qh5 25. c4 Qe2 26. Rc3 Qxf1+ 27. Kb2 Qxf4 28. a3 Be4 29. h3 Qc7 30. Ka2 Qc5 0-1

[Event "Gibraltar Masters 18th"]
[Site "Caleta"]
[Date "2020.01.21"]
[Round "1"]
[White "Gschnitzer, Oswald"]
[Black "Narayanan, Sunilduth Lyna"]
[Result "1/2-1/2"]
[WhiteElo "2361"]
[BlackElo "2637"]
[PlyCount "116"]
[EventDate "2020.01.21"]
[EventType "swiss"]
[EventRounds "10"]
[EventCountry "GGB"]
[SourceTitle "CBM 194 Extra"]
[Source "ChessBase"]
[SourceDate "2020.03.31"]
[SourceVersion "1"]
[SourceVersionDate "2020.03.31"]
[SourceQuality "1"]

1. Nf3 g6 2. e4 Bg7 3. d4 d6 4. c4 Bg4 5. Be2 Nc6 6. Nbd2 Nf6 7. d5 Nb8 8. e5 dxe5 9. Nxe5 Bxe2 10. Qxe2 0-0 11. Ndf3 Qc8 12. 0-0 c6 13. dxc6 Nxc6 14. b3 Nxe5 15. Nxe5 Qc7 16. Bb2 Rad8 17. Rad1 Nh5 18. g3 Nf6 19. Rfe1 Rfe8 20. Rxd8 Rxd8 21. Rd1 Rxd1+ 22. Qxd1 Nd7 23. Nd3 Bxb2 24. Nxb2 Ne5 25. Qe2 Qd6 26. Qe4 b6 27. Kg2 f6 28. Na4 Kg7 29. Nc3 Qd2 30. Qe3 Qc2 31. h3 h5 32. Nd5 Kf7 33. a4 g5 34. Nb4 Qd1 35. Nd5 e6 36. Nc7 Qd7 37. Nb5 Qc6+ 38. Kg1 a6 39. Nd4 Qd6 40. Kf1 g4 41. hxg4 hxg4 42. Ke2 f5 43. f4 Nd7 44. b4 Nf6 45. b5 a5 46. Nc6 Ne4 47. Ne5+ Ke7 48. Nxg4 Qb4 49. Ne5 Qb2+ 50. Ke1 Qa1+ 51. Ke2 Qxa4 52. Qxb6 Qc2+ 53. Kf3 Qd1+ 54. Kg2 Qe2+ 55. Kh3 Qf1+ 56. Kh2 Qe2+ 57. Kh3 Qh5+ 58. Kg2 Qe2+ 1/2-1/2

[Event "GER CupT 1920 prel7"]
[Site "Bensheim"]
[Date "2020.01.11"]
[Round "1.2"]
[White "Meier, Georg"]
[Black "Gschnitzer, Oswald"]
[Result "1-0"]
[WhiteElo "2628"]
[BlackElo "2357"]
[PlyCount "73"]
[EventDate "2020.01.11"]
[EventType "team-k.o."]
[EventRounds "2"]
[EventCountry "GER"]
[SourceTitle "EXT 2021"]
[Source "ChessBase"]
[SourceDate "2020.10.23"]
[SourceVersion "1"]
[SourceVersionDate "2020.10.23"]
[SourceQuality "1"]
[WhiteTeam "Deisisau"]
[BlackTeam "Walldorf"]
[WhiteTeamCountry "GER"]
[BlackTeamCountry "GER"]

1. Nf3 c5 2. c4 Nc6 3. Nc3 e5 4. e3 Nf6 5. d4 e4 6. Ne5 g6 7. Rb1 cxd4 8. exd4 Bg7 9. Be2 0-0 10. 0-0 Re8 11. Bf4 d6 12. Nxc6 bxc6 13. b4 Bf5 14. Rb3 Qd7 15. b5 cxb5 16. Nxb5 Bf8 17. d5 a6 18. Nd4 Bg4 19. h3 Bxe2 20. Qxe2 Nh5 21. Be3 Rab8 22. Ra3 Bg7 23. Qd2 f5 24. Ne6 Rb2 25. Qd1 Be5 26. Bd4 Bxd4 27. Qxd4 Qb7 28. Rxa6 Qxa6 29. Qxb2 Qxc4 30. Rc1 Qxd5 31. Nc7 Qe5 32. Qb3+ d5 33. Nxe8 Nf4 34. Qb5 e3 35. Re1 exf2+ 36. Kxf2 Qd4+ 37. Kf1 1-0

[Event "Oberliga Baden 1819"]
[Site "Baden"]
[Date "2019.04.07"]
[Round "9.3"]
[White "Lanka, Zigurds"]
[Black "Gschnitzer, Oswald"]
[Result "1/2-1/2"]
[WhiteElo "2421"]
[BlackElo "2373"]
[PlyCount "79"]
[EventDate "2018.10.21"]
[EventType "team-tourn"]
[EventRounds "9"]
[EventCountry "GER"]
[SourceTitle "EXT 2020"]
[Source "ChessBase"]
[SourceDate "2019.10.17"]
[SourceVersion "1"]
[SourceVersionDate "2019.10.17"]
[SourceQuality "1"]
[WhiteTeam "Viernheim II"]
[BlackTeam "Walldorf"]
[WhiteTeamCountry "GER"]
[BlackTeamCountry "GER"]

1. e4 c5 2. Nf3 Nc6 3. d4 cxd4 4. Nxd4 e5 5. Nb5 d6 6. N1c3 a6 7. Na3 Be7 8. Nc4 b5 9. Ne3 Nf6 10. a3 Be6 11. g3 0-0 12. Bg2 Rb8 13. 0-0 a5 14. Ncd5 b4 15. axb4 axb4 16. h3 Nd4 17. f4 Bxd5 18. exd5 Qb6 19. Kh2 Nd7 20. Nc4 Qc7 21. b3 Nb6 22. Nxb6 Rxb6 23. Be3 Bf6 24. Bxd4 exd4 25. Be4 d3 26. Ra2 dxc2 27. Rxc2 Bc3 28. Qd3 h6 29. Re2 Rbb8 30. Rf3 Rfe8 31. Rfe3 Kf8 32. Bf3 Rxe3 33. Qxe3 Bf6 34. Qe4 g6 35. h4 h5 36. Re3 Qd7 37. Be2 Re8 38. Qxe8+ Qxe8 39. Rxe8+ Kxe8 40. Kg2 1/2-1/2

[Event "Oberliga Baden 1819"]
[Site "Baden"]
[Date "2019.03.24"]
[Round "8.3"]
[White "Gschnitzer, Oswald"]
[Black "Haag, Gregor"]
[Result "1/2-1/2"]
[WhiteElo "2373"]
[BlackElo "2340"]
[PlyCount "57"]
[EventDate "2018.10.21"]
[EventType "team-tourn"]
[EventRounds "9"]
[EventCountry "GER"]
[SourceTitle "EXT 2020"]
[Source "ChessBase"]
[SourceDate "2019.10.17"]
[SourceVersion "1"]
[SourceVersionDate "2019.10.17"]
[SourceQuality "1"]
[WhiteTeam "Walldorf"]
[BlackTeam "Brombach"]
[WhiteTeamCountry "GER"]
[BlackTeamCountry "GER"]

1. Nf3 d5 2. d4 Nf6 3. c4 dxc4 4. e3 e6 5. Bxc4 c5 6. 0-0 Nc6 7. Qe2 cxd4 8. Rd1 Be7 9. Nxd4 Nxd4 10. exd4 Bd7 11. Nc3 Bc6 12. Bg5 0-0 13. d5 exd5 14. Bxf6 Bxf6 15. Bxd5 Qb6 16. Bxc6 Qxc6 17. Nd5 Rac8 18. Qf3 b6 19. g3 Rfe8 20. Nxf6+ Qxf6 21. Qxf6 gxf6 22. Rd2 Rc7 23. Rad1 Kf8 24. Kg2 Rec8 25. Kf3 Rc2 26. Ke3 Re8+ 27. Kf3 Rec8 28. Ke3 Re8+ 29. Kf3 1/2-1/2

[Event "Oberliga Baden 1819"]
[Site "Baden"]
[Date "2019.01.20"]
[Round "5.2"]
[White "Gschnitzer, Oswald"]
[Black "Dobosz, Henryk"]
[Result "1/2-1/2"]
[WhiteElo "2373"]
[BlackElo "2400"]
[PlyCount "218"]
[EventDate "2018.10.21"]
[EventType "team-tourn"]
[EventRounds "9"]
[EventCountry "GER"]
[SourceTitle "EXT 2020"]
[Source "ChessBase"]
[SourceDate "2019.10.17"]
[SourceVersion "1"]
[SourceVersionDate "2019.10.17"]
[SourceQuality "1"]
[WhiteTeam "Walldorf"]
[BlackTeam "Buchen"]
[WhiteTeamCountry "GER"]
[BlackTeamCountry "GER"]

1. Nf3 d5 2. c4 e6 3. d4 Nf6 4. Nc3 Bb4 5. Qa4+ Nc6 6. e3 0-0 7. Bd2 Bd7 8. Qc2 dxc4 9. Bxc4 Bd6 10. 0-0 e5 11. h3 Qe7 12. Rae1 Rae8 13. Ng5 Nb4 14. Qb1 h6 15. Nge4 Nxe4 16. Qxe4 exd4 17. exd4 Qf6 18. Nd5 Nxd5 19. Qxd5 Bc6 20. Qa5 Qxd4 21. Qc3 Qxc3 22. Bxc3 Rxe1 23. Rxe1 Re8 24. Rd1 Be5 25. Bxe5 Rxe5 26. Kf1 Kf8 27. Rd8+ Re8 28. Rd2 Re4 29. Be2 Ke7 30. f3 Re5 31. Kf2 g5 32. g3 a5 33. a3 f6 34. Rd4 Rd5 35. Ke3 Rxd4 36. Kxd4 Kd6 37. f4 Bd7 38. h4 gxh4 39. gxh4 Bf5 40. b4 axb4 41. axb4 c6 42. Bd1 b6 43. Bf3 Bb1 44. Kc4 Ba2+ 45. Kd4 c5+ 46. bxc5+ bxc5+ 47. Kc3 Bd5 48. Be2 Bg2 49. Bc4 Bf3 50. Bb3 Be2 51. Bf7 Bb5 52. Bh5 Bc6 53. Be2 Be4 54. Bc4 Bd5 55. Be2 Ke6 56. Bg4+ Kf7 57. Bf5 Ke7 58. Bg4 Be6 59. Be2 f5 60. Bd3 Kd6 61. Be2 Bd5 62. Ba6 Ke6 63. Be2 Kf6 64. Bh5 Bf7 65. Bf3 Kg6 66. Kd3 Bb3 67. Kc3 Ba2 68. Kd3 Kf6 69. Kc3 Ke6 70. Bh5 Bb1 71. Bf3 Be4 72. Be2 Bb7 73. Bd1 Ba6 74. Bf3 Bf1 75. Bh5 Bh3 76. Kc4 Bg4 77. Bg6 Kd6 78. Bf7 Be2+ 79. Kc3 Ke7 80. Bg6 Ke6 81. Kd2 Kf6 82. Be8 Bc4 83. Bh5 Ke6 84. Kc3 Bf1 85. Bf3 Kd6 86. Bh5 Bh3 87. Bf7 Bg4 88. Kc4 Bf3 89. Kc3 Ke7 90. Bg6 Kf6 91. Be8 Be2 92. Bc6 Ke7 93. Bd5 Bh5 94. Kc4 Kd6 95. Bb7 Bf7+ 96. Kc3 Bd5 97. Bc8 Be4 98. Kc4 Bb1 99. Kc3 Be4 100. Kc4 Bd5+ 101. Kb5 Bc6+ 102. Kc4 Be4 103. Kc3 Kd5 104. Bb7+ Ke6 105. Ba6 Bf3 106. Bc8+ Kf6 107. Bd7 Bd5 108. Be8 Bf7 109. Bc6 Kg6 1/2-1/2

[Event "Prague op-A 18th"]
[Site "Prague"]
[Date "2019.01.18"]
[Round "9"]
[White "Gschnitzer, Oswald"]
[Black "Riha, Vojtech"]
[Result "1/2-1/2"]
[WhiteElo "2370"]
[BlackElo "2145"]
[PlyCount "48"]
[EventDate "2019.01.11"]
[EventType "swiss"]
[EventRounds "9"]
[EventCountry "CZE"]
[SourceTitle "CBM 188 Extra"]
[Source "ChessBase"]
[SourceDate "2019.02.28"]
[SourceVersion "1"]
[SourceVersionDate "2019.02.28"]
[SourceQuality "1"]

1. Nf3 Nf6 2. c4 d6 3. d4 g6 4. Nc3 Bg7 5. Bg5 h6 6. Bh4 Nbd7 7. e3 0-0 8. Qc2 a6 9. Be2 c6 10. 0-0 b5 11. b4 Nb6 12. c5 Nc4 13. a4 d5 14. Bxf6 Bxf6 15. e4 dxe4 16. Qxe4 Bf5 17. Qxc6 Bxd4 18. axb5 Bxc3 19. Rad1 Qc8 20. Qxc8 Rfxc8 21. Bxc4 axb5 22. Bxb5 Bxb4 23. c6 Ra5 24. Nd4 Bc5 1/2-1/2